000
00376nam a2200133Ia 4500
003
GCL
008
140319s9999 xx 000 0 ara d
040
_a
GCL /
_c
GCL
082
0
4
_a
780.9034
_b
ح ج
100
1
_a
حسام الدين زكريا
245
1
0
_a
جوستاف مالر اخر الرومانتكيين /
_c
حسام الدين زكريا
300
_a
207 ص
490
_a
999
_c
37919
_d
37919